Gustavo Baz y sus juicios como revolucionario, médico y político /

保存先:
書誌詳細
第一著者: Baz, Gustavo (autor)
その他の著者: Olivera de Bonfil, Alicia (entrevista) (entrevista), Meyer, Eugenia (entrevista) (entrevista)
フォーマット: 図書
言語:スペイン語
出版事項: México : INAH, 1971, c1971
タグ: タグ追加
タグなし, このレコードへの初めてのタグを付けませんか!

MARC

LEADER 00000nam^a2200000^a^4500
001 000569275
005 20250521000000.0
009 20260310132204.993
037 |a Acervo ITESO - Biblioteca 
041 |a ESP 
091 |a FGM. 03742 
100 |a Baz, Gustavo  |e (autor) 
245 1 0 |a Gustavo Baz y sus juicios como revolucionario, médico y político / 
264 4 |a México :  |b INAH,  |c 1971, c1971 
300 |a 59 p. 
336 |a texto  |b txt  |2 rdacontenido 
337 |a sin mediación  |b n  |2 rdamedio 
338 |a volumen  |b nc  |2 rdasoporte 
649 |a XX 
700 |a Olivera de Bonfil, Alicia  |e (entrevista) 
700 |a Meyer, Eugenia  |e (entrevista) 
910 |a Fondo Efraín González Morfín 
920 |a Impresos - Libros 
930 |a Fondos Especiales 
905 |a 130 
901 |a 0500384561  |b IT2  |c ESL  |i D87889  |u 20250521 
902 |a https://opac.biblio.iteso.mx/vufind/Record/000569275